00456nam a22001577a 4500003000400000082001800004100001600022245004000038260004400078300000800122650001700130653001700147942001200164952010500176999001700281SGT a617.643bO21S aSingh, Suri aOrthodontics in Adults Diagnosis... aGurugram, HaryanabSGT Universityc2021 a160 aOrthodontics aOrthodontics 2ddccTH 00102ddc405171aFDbFDd2022-12-22l0o617.643 O21SpDT1403r2022-12-22 00:00:00w2022-12-22yTH c23624d23624